| 000 | 01153nam a2200301 i 4500 | ||
|---|---|---|---|
| 999 |
_c200447572 _d65784 |
||
| 003 | TR-AnTOB | ||
| 005 | 20230516124845.0 | ||
| 008 | 220218s2001 tu |||| |||| 00| 0 tur d | ||
| 040 |
_aTR-AnTOB _beng _erda _cTR-AnTOB |
||
| 041 | 0 | _atur | |
| 050 | 4 |
_aHD9016.T92 _bT87 2001 |
|
| 090 |
_aHD9016.T92 _bT87 2001 |
||
| 245 | 1 | 0 |
_aTürkiye'de meyve ve sebze işleme sanayinin Avrupa Birliği piyasasında sürdürülebilir rekabet gücü açısından değerlendirilmesi/ _cSedef Akgüngör, Funda Barbaros, Neşe Kumral. |
| 264 | 1 |
_aAnkara: _bTarımsal Ekonomi Araştırma Enstitüsü (TEAE), _c2001. |
|
| 300 |
_a98 pages ; _c24 cm |
||
| 336 |
_2rdacontent _atext _btxt |
||
| 337 |
_2rdamedia _aunmediated _bn |
||
| 338 |
_2rdacarrier _avolume _bnc |
||
| 650 | 7 |
_aÜrün ticareti _zTürkiye _2etuturkob _933786 |
|
| 650 | 7 |
_aMeyve ticareti _zTürkiye _2etuturkob _9130473 |
|
| 650 | 7 |
_aSebze ticareti _zTürkiye _2etuturkob _9130475 |
|
| 700 | 1 |
_aAkgüngör, Sedef _eauthor _966841 |
|
| 700 |
_aBarbaros, R. Funda _eauthor _966840 |
||
| 700 | 1 |
_aKumral, Neşe _eauthor _966839 |
|
| 942 |
_2lcc _cBK |
||